| 000 | 00476nam a2200193Ia 4500 | ||
|---|---|---|---|
| 005 | 20240823054158.0 | ||
| 008 | 240823s9999||||xx |||||||||||||| ||und|| | ||
| 020 | _a978-81-920486-1-1 | ||
| 041 | _aENGLISH | ||
| 082 | _A621.402 Q5 | ||
| 100 | _aVijayaraghavan G K | ||
| 245 | 0 | _aThermal Engineering | |
| 250 | _a10th | ||
| 260 |
_c2015 _bA R Publica |
||
| 500 | _aTRANSFERED | ||
| 650 |
_aThermal Engineering _bMechanical |
||
| 700 | _a Vishnupriyan S | ||
| 942 | _cBK | ||
| 999 |
_c225859 _d225859 |
||